Automatización de bibliotecas infantiles : SRI y OPAC a la medida (Record no. 63060)

MARC details
000 -CABECERA
campo de control de longitud fija 00666nam a2200205 a 4500
005 - FECHA Y HORA DE LA ÚLTIMA TRANSACCIÓN
campo de control 20210223123805.0
008 - ELEMENTOS DE LONGITUD FIJA--INFORMACIÓN GENERAL
campo de control de longitud fija 991125n 000 0 spa u
035 ## - NÚMERO DE CONTROL DEL SISTEMA
Número de control de sistema UPN01000065574
100 1# - ASIENTO PRINCIPAL--NOMBRE PERSONAL
Nombre de persona Gimenez Toledo, Elea Ruth,
Término indicativo de función/relación coaut.
9 (RLIN) 42279
100 1# - ASIENTO PRINCIPAL--NOMBRE PERSONAL
Filiación elea.gimenez@cchs.csic.es
222 ## - TÍTULO CLAVE
Título clave EDUCACION Y BIBLIOTECA :
Información calificativa REVISTA MENSUAL DE DOCUMENTACION Y RECURSOS DIDACTICOS
245 ## - MENCIÓN DE TÍTULO
Título Automatización de bibliotecas infantiles : SRI y OPAC a la medida
260 ## - PUBLICACIÓN, DISTRIBUCIÓN, ETC.
Lugar de publicación, distribución, etc. Madrid, España
300 ## - DESCRIPCIÓN FÍSICA
Extensión 59-60
362 0# - FECHAS DE PUBLICACIÓN Y/O DESIGNACIÓN SECUENCIAL
Fecha de publicación y/o designación secuencial 1996 Año 8, no. 67, abr.
653 0# - TERMINO DE INDIZACION - NO CONTROLADO
Término no controlado AUTOMATIZACION
653 0# - TERMINO DE INDIZACION - NO CONTROLADO
Término no controlado BIBLIOTECAS INFANTILES
904 ## - ELEMENTOS DE DATOS D LOCAL, LDD (RLIN)
a AC
b 003385
905 ## - TIPO DE MATERIAL
Tipo de material Articulo

No items available.